[Event "SF Telgte 1 - TV Borken 1"]
[Site "Verbandsliga 2016/2017"]
[Date "2016.12.17"]
[Round "5.1"]
[White "Schroer, Klaus"]
[Black "Muth, Josef"]
[Result "1/2-1/2"]
[WhiteElo "2050"]
[BlackElo "1978"]
[PlyCount "57"]
[EventDate "2016.??.??"]
[SourceDate "2016.09.26"]

1. e4 c5 2. c3 g6 3. d4 cxd4 4. cxd4 d5 5. e5 Nc6 6. Nc3 f6 7. Nf3 Bg7 8. Bb5
e6 9. h4 fxe5 10. Nxe5 Bxe5 11. dxe5 Qc7 12. Bf4 Qf7 13. Qd2 Bd7 14. Bd3 Nge7
15. Nb5 O-O 16. g3 Nf5 17. O-O-O a6 18. Nd6 Nxd6 19. exd6 e5 20. Bh6 Rfc8 21.
Kb1 Bf5 22. h5 Bxd3+ 23. Qxd3 Nb4 24. hxg6 hxg6 25. Qb3 Qf5+ 26. Ka1 Nc2+ 27.
Kb1 Na3+ 28. Ka1 Nc2+ 29. Kb1 1/2-1/2

[Event "SF Telgte 1 - TV Borken 1"]
[Site "Verbandsliga 2016/2017"]
[Date "2016.12.17"]
[Round "5.2"]
[White "Hackl-Sommer, René"]
[Black "Schulze-Schwering, Philipp"]
[Result "1/2-1/2"]
[WhiteElo "1986"]
[BlackElo "2039"]
[PlyCount "111"]
[EventDate "2016.??.??"]
[SourceDate "2016.09.26"]

1. e4 e5 2. Nf3 Nc6 3. d4 exd4 4. Bc4 Bb4+ 5. c3 dxc3 6. bxc3 Ba5 7. Ng5 Nh6 8.
O-O O-O 9. Nh3 d6 10. Bg5 Qe8 11. Bxh6 Bxh3 12. Qf3 gxh6 13. Qxh3 Qxe4 14. Nd2
Qg6 15. f4 Rae8 16. Rf3 Kh8 17. Kf1 f5 18. Rg3 Qf6 19. Re1 Rxe1+ 20. Kxe1 Nd4
21. Kd1 Ne6 22. Bxe6 Qxe6 23. Re3 Qg6 24. Kc2 Bb6 25. Re1 h5 26. Qf3 Qg4 27. h3
Qxf3 28. Nxf3 Rf7 29. Ng5 Rd7 30. Re6 Kg7 31. Kd3 c6 32. Nf3 d5 33. Nh4 Rf7 34.
Re5 Bc7 35. Rxf5 Rxf5 36. Nxf5+ Kf6 37. Ng3 Bxf4 38. Nxh5+ Ke5 39. g3 Bh6 40.
c4 b5 41. cxd5 cxd5 42. g4 Bf8 43. Ng3 Bc5 44. Nh5 a5 45. g5 Be7 46. h4 a4 47.
Ng3 b4 48. Ne2 Bc5 49. h5 Kf5 50. g6 hxg6 51. hxg6 Bf8 52. Kd4 Bg7+ 53. Kxd5
Kxg6 54. Kc4 b3 55. axb3 axb3 56. Kxb3 1/2-1/2

[Event "SF Telgte 1 - TV Borken 1"]
[Site "Verbandsliga 2016/2017"]
[Date "2016.12.17"]
[Round "5.3"]
[White "Beckmann, David"]
[Black "Lodde, Martin"]
[Result "0-1"]
[WhiteElo "1977"]
[BlackElo "1984"]
[PlyCount "68"]
[EventDate "2016.??.??"]
[SourceDate "2016.09.26"]

1. Nf3 Nf6 2. c4 e6 3. g3 b6 4. Bg2 Bb7 5. O-O Be7 6. b3 O-O 7. Bb2 d5 8. Qc2
Nbd7 9. e3 Rc8 10. Nc3 c5 11. d3 Re8 12. Rfd1 Bf8 13. Ne2 e5 14. cxd5 Bxd5 15.
Nc3 Ba8 16. Ne4 Nd5 17. Qe2 Rc7 18. Nh4 N5f6 19. Nf5 Bxe4 20. dxe4 Rc6 21. Rd2
g6 22. Nh4 Qc7 23. Rad1 c4 24. bxc4 Nc5 25. Ba3 Na4 26. Qd3 Rxc4 27. Bxf8 Rxf8
28. Qb3 a5 29. Rd6 Nxe4 30. Rd7 Qc5 31. Nf3 Nac3 32. Nxe5 Rb4 33. Nd3 Qf5 34.
Nxb4 Ne2+ 0-1

[Event "SF Telgte 1 - TV Borken 1"]
[Site "Verbandsliga 2016/2017"]
[Date "2016.12.17"]
[Round "5.5"]
[White "Vijayakumaran, Vithoosan"]
[Black "Junker, Axel"]
[Result "0-1"]
[WhiteElo "1736"]
[BlackElo "1881"]
[PlyCount "70"]
[EventDate "2016.??.??"]
[SourceDate "2016.09.26"]

1. b3 e5 2. Bb2 d6 3. e3 Nc6 4. Bb5 Bd7 5. Ne2 a6 6. Bxc6 Bxc6 7. O-O Qg5 8. f3
h5 9. Qe1 h4 10. Qf2 Qg6 11. e4 Be7 12. d4 f6 13. Nd2 b6 14. d5 Bd7 15. c4 f5
16. f4 Nh6 17. fxe5 dxe5 18. Bxe5 Ng4 19. exf5 Qh5 20. Qf4 O-O 21. Qe4 Nxe5 22.
Nf4 Bc5+ 23. Kh1 Qxf5 24. Ne6 Qxe4 25. Nxe4 Rxf1+ 26. Rxf1 Bxe6 27. Nxc5 bxc5
28. Re1 Bf7 29. Rxe5 Re8 30. Rxe8+ Bxe8 31. Kg1 Bg6 32. Kf2 Bb1 33. a3 Ba2 34.
b4 cxb4 35. axb4 Bxc4 0-1

[Event "SF Telgte 1 - TV Borken 1"]
[Site "Verbandsliga 2016/2017"]
[Date "2016.12.17"]
[Round "5.6"]
[White "Kuhlenbäumer, Alfred"]
[Black "Wagner, Nils-Frederic"]
[Result "0-1"]
[WhiteElo "1885"]
[BlackElo "1621"]
[PlyCount "150"]
[EventDate "2016.??.??"]
[SourceDate "2016.09.26"]

1. e4 d5 2. exd5 Qxd5 3. Nc3 Qd6 4. Nf3 Nf6 5. b3 a6 6. Bb2 e6 7. g3 b5 8. Bg2
Bb7 9. O-O Be7 10. Qe2 Nbd7 11. d4 O-O 12. Rad1 Rfe8 13. Rfe1 Rad8 14. Nh4 Qb6
15. Bf3 c5 16. Bxb7 Qxb7 17. Nf3 Bf8 18. Nb1 h6 19. Ne5 Nxe5 20. dxe5 Nd5 21.
Qf3 Qc7 22. a3 c4 23. Bd4 Rd7 24. b4 Red8 25. c3 a5 26. Nd2 axb4 27. axb4 Nxb4
28. Ne4 Nd3 29. Qg4 Kh8 30. Nd6 Nxe1 31. Rxe1 Rxd6 32. exd6 Qxd6 33. Qh3 Kg8
34. Qf1 Qc6 35. Qe2 Bc5 36. Be5 Bd6 37. Bd4 Bf8 38. Qe3 Qd5 39. Bb6 Rc8 40. Bd4
Bc5 41. Bxc5 Qxc5 42. Qd2 Qd5 43. Qb2 Qf3 44. Rc1 Rc5 45. Re1 Rd5 46. Qc2 Qd3
47. Rc1 Qxc2 48. Rxc2 Kf8 49. Kf1 Ke7 50. Ke2 Kd6 51. h4 Kc5 52. Ra2 g5 53.
hxg5 hxg5 54. Ra8 Rd6 55. Rc8+ Rc6 56. Rb8 g4 57. Rb7 f5 58. Rb8 Rb6 59. Rc8+
Kd5 60. Ke3 b4 61. Rd8+ Ke5 62. cxb4 Rxb4 63. Rc8 Rb3+ 64. Ke2 Kd4 65. Rd8+ Ke4
66. Rc8 Rb2+ 67. Ke1 Kd3 68. Rd8+ Ke4 69. Rc8 Rc2 70. Kd1 Rxf2 71. Rxc4+ Kf3
72. Rc3+ Kg2 73. Re3 Rf3 74. Rxe6 Kxg3 75. Ke1 f4 0-1

[Event "SF Telgte 1 - TV Borken 1"]
[Site "Verbandsliga 2016/2017"]
[Date "2016.12.17"]
[Round "5.7"]
[White "Boldrick, Marcel"]
[Black "Esser, Peter"]
[Result "0-1"]
[WhiteElo "1617"]
[BlackElo "1758"]
[PlyCount "108"]
[EventDate "2016.??.??"]
[SourceDate "2016.09.26"]

1. e4 c6 2. Nc3 d5 3. exd5 cxd5 4. d3 e5 5. g3 Nc6 6. Bg2 Be6 7. Nge2 Bb4 8.
Bd2 Nge7 9. a3 Bd6 10. O-O O-O 11. Kh1 Qd7 12. f4 f6 13. Rc1 a6 14. Qe1 Bc5 15.
b4 Ba7 16. Nd1 b5 17. Be3 Bxe3 18. Nxe3 d4 19. Nd1 Nd5 20. Qf2 Rac8 21. Re1 Qd6
22. Qf3 Rfd8 23. f5 Bf7 24. h4 a5 25. g4 axb4 26. axb4 Ncxb4 27. c3 dxc3 28.
Ndxc3 Nxc3 29. Rxc3 Bd5 30. Qg3 Bxg2+ 31. Kxg2 Qd5+ 32. Kh2 Rxc3 33. Nxc3 Qc5
34. Ne4 Qc2+ 35. Qf2 Qxd3 36. g5 Rc8 37. Re3 Qd4 38. Qg3 fxg5 39. Qxg5 Nd5 40.
Re2 Rf8 41. Rg2 Qa7 42. Nc5 Qe7 43. Qxe7 Nxe7 44. Ne6 Nxf5 45. Nxf8 Kxf8 46.
Rf2 g6 47. h5 Ke7 48. hxg6 hxg6 49. Kh3 Nd4 50. Kg4 b4 51. Kg5 Ke6 52. Kxg6 b3
53. Kg5 Kd5 54. Rf8 Ne6+ 0-1

[Event "SF Telgte 1 - TV Borken 1"]
[Site "Verbandsliga 2016/2017"]
[Date "2016.12.17"]
[Round "5.8"]
[White "Dieckmann, Werner"]
[Black "Klugstedt, Vincent"]
[Result "1-0"]
[WhiteElo "1785"]
[BlackElo "1525"]
[PlyCount "129"]
[EventDate "2016.??.??"]
[SourceDate "2016.09.26"]

1. d4 d5 2. Nf3 Nf6 3. Bg5 e6 4. Nbd2 h6 5. Bh4 c5 6. e3 Nc6 7. c3 Be7 8. Bd3
O-O 9. O-O Qc7 10. Bg3 Qd7 11. Bb5 a6 12. Ne5 Qe8 13. Bxc6 bxc6 14. h3 cxd4 15.
cxd4 c5 16. dxc5 Bxc5 17. Qc2 Qb5 18. Nb3 Bb6 19. a4 Qb4 20. a5 Ba7 21. Nc6 Qb7
22. Bd6 Re8 23. Rfc1 Ne4 24. Ba3 Bd7 25. Nxa7 Qxa7 26. Qc7 e5 27. Qxa7 Rxa7 28.
f3 Ng5 29. Bc5 Rb7 30. Bb6 Ne6 31. Nc5 Nxc5 32. Rxc5 Be6 33. Rac1 f6 34. b4
Ree7 35. b5 axb5 36. Rxb5 Rb8 37. Rbc5 Kh7 38. Rc7 Rxc7 39. Rxc7 Ra8 40. Re7
Bf5 41. Kf2 Bd3 42. Rd7 Bc4 43. h4 h5 44. g4 hxg4 45. fxg4 Kg6 46. Kg3 Kh6 47.
Rc7 Ba2 48. Re7 Kg6 49. Rc7 Bb3 50. Rc3 Ba2 51. Rc6 Bb3 52. Rc7 Ba2 53. h5+ Kh6
54. Kh4 Bb3 55. Rc6 Kh7 56. g5 fxg5+ 57. Kxg5 e4 58. Rc7 Bc4 59. h6 Rg8 60. Bd4
Bb5 61. hxg7 Bc4 62. Rf7 Bb5 63. Rf2 Re8 64. Rf8 Bc6 65. g8=Q# 1-0

[Event "SK Münster 4 - SC Falke Saerbeck 1"]
[Site "Verbandsliga 2016/2017"]
[Date "2016.12.17"]
[Round "5.1"]
[White "Hegemann, Eike"]
[Black "Schulz, Stefan"]
[Result "1/2-1/2"]
[WhiteElo "1987"]
[BlackElo "1884"]
[PlyCount "64"]
[EventDate "2016.??.??"]
[SourceDate "2016.09.26"]

1. e4 c6 2. d4 d5 3. exd5 cxd5 4. Bd3 Nc6 5. Nf3 Bg4 6. c3 Nf6 7. O-O e6 8. Bf4
Bd6 9. Bxd6 Qxd6 10. Nbd2 O-O 11. Qb3 a6 12. Rfe1 b5 13. a4 Na5 14. Qc2 b4 15.
Ne5 bxc3 16. Qxc3 Nc4 17. Bxc4 dxc4 18. Ndxc4 Qc7 19. Rac1 Nd5 20. Qg3 Bh5 21.
Qh4 Bg6 22. Nxg6 hxg6 23. Ne5 Qa5 24. Red1 Rfc8 25. Qe4 Rxc1 26. Rxc1 Qd2 27.
Re1 Rc8 28. Nd3 Rc4 29. g3 Nb4 30. Qa8+ Kh7 31. Re4 g5 32. Nxb4 Rxb4 1/2-1/2

[Event "SK Münster 4 - SC Falke Saerbeck 1"]
[Site "Verbandsliga 2016/2017"]
[Date "2016.12.17"]
[Round "5.2"]
[White "Jansen, Dirk"]
[Black "Kipp, Lucas"]
[Result "1/2-1/2"]
[WhiteElo "1894"]
[BlackElo "1892"]
[PlyCount "74"]
[EventDate "2016.??.??"]
[SourceDate "2016.09.26"]

1. c4 c5 2. g3 Nc6 3. Bg2 g6 4. Nc3 Bg7 5. Nf3 Nf6 6. d4 cxd4 7. Nxd4 O-O 8.
O-O Nxd4 9. Qxd4 d6 10. Qd3 Qc7 11. Bg5 Be6 12. Nd5 Bxd5 13. cxd5 h6 14. Bd2
Qd7 15. Bc3 Rac8 16. Rac1 Rc7 17. Ba5 Rxc1 18. Rxc1 Rc8 19. Rc4 Rxc4 20. Qxc4
Ne8 21. b3 b6 22. Bd2 Qc7 23. Qc6 Qxc6 24. dxc6 Kf8 25. a4 e6 26. a5 Ke7 27.
axb6 axb6 28. e4 Kd8 29. b4 b5 30. Bf1 Nc7 31. Be3 Bc3 32. Bb6 Bxb4 33. Bxb5
Bc5 34. Bxc5 Nxb5 35. Bb6+ Kc8 36. Kg2 Na3 37. Be3 Kc7 1/2-1/2

[Event "SK Münster 4 - SC Falke Saerbeck 1"]
[Site "Verbandsliga 2016/2017"]
[Date "2016.12.17"]
[Round "5.3"]
[White "Hoge, Reinhard"]
[Black "Voß, Norbert"]
[Result "0-1"]
[WhiteElo "1898"]
[BlackElo "1823"]
[PlyCount "56"]
[EventDate "2016.??.??"]
[SourceDate "2016.09.26"]

1. c4 e5 2. g3 d6 3. Bg2 f5 4. Nc3 Nf6 5. e3 Be7 6. Nge2 O-O 7. O-O c6 8. d4
Qc7 9. b3 Nbd7 10. Bb2 a6 11. Rc1 Re8 12. Qd2 Nf8 13. a3 Bd7 14. b4 Rad8 15.
Qc2 Qb8 16. Rfd1 Ng6 17. Qb3 Kh8 18. a4 f4 19. e4 fxg3 20. hxg3 exd4 21. Nxd4
Qc8 22. f3 Ne5 23. Nce2 Bf8 24. Nf4 c5 25. Nde2 cxb4 26. Nd5 Qc6 27. Qxb4 Qxa4
28. Qb6 Nxc4 0-1

[Event "SK Münster 4 - SC Falke Saerbeck 1"]
[Site "Verbandsliga 2016/2017"]
[Date "2016.12.17"]
[Round "5.4"]
[White "Schöpper, Oliver"]
[Black "Waltermann, Jens"]
[Result "0-1"]
[WhiteElo "1818"]
[BlackElo "1872"]
[PlyCount "84"]
[EventDate "2016.??.??"]
[SourceDate "2016.09.26"]

1. d4 Nf6 2. c4 d6 3. Nc3 g6 4. Nf3 Bg7 5. g3 O-O 6. Bg2 c6 7. O-O Nbd7 8. e4
e5 9. h3 Re8 10. Be3 a6 11. a4 Rb8 12. dxe5 dxe5 13. b4 Qe7 14. Qb1 Bf8 15. b5
Qb4 16. Rc1 Qxb1 17. Rcxb1 a5 18. bxc6 bxc6 19. Rxb8 Nxb8 20. Rb1 Nbd7 21. Nd2
Ba6 22. Na2 Bc5 23. Bxc5 Nxc5 24. Nc3 Rd8 25. Rb2 Nfd7 26. Bf1 f6 27. f3 Kf7
28. Kf2 Rb8 29. Rxb8 Nxb8 30. Be2 Nbd7 31. Ke3 Nb6 32. Bd1 Ke6 33. f4 Nxc4+ 34.
Nxc4 Bxc4 35. Bc2 Kd6 36. h4 Ne6 37. Nb1 Nd4 38. Bd1 Kc5 39. Nd2 Be6 40. Kd3
Kb4 41. fxe5 fxe5 42. g4 c5 0-1

[Event "SK Münster 4 - SC Falke Saerbeck 1"]
[Site "Verbandsliga 2016/2017"]
[Date "2016.12.17"]
[Round "5.6"]
[White "Sokolowski, Cyril"]
[Black "Lutterbey, Ralf"]
[Result "0-1"]
[WhiteElo "1760"]
[BlackElo "1903"]
[PlyCount "64"]
[EventDate "2016.??.??"]
[SourceDate "2016.09.26"]

1. e4 d5 2. exd5 Qxd5 3. Nc3 Qa5 4. Bc4 e5 5. Qh5 g6 6. Qf3 f5 7. Nge2 Nc6 8.
O-O Nf6 9. d3 Bd6 10. a3 Rf8 11. Bg5 e4 12. Qh3 Qe5 13. Bf4 Qe7 14. Rfe1 Ne5
15. Bb3 Bd7 16. Bg5 O-O-O 17. Nd5 Qg7 18. Nxf6 Rxf6 19. Bxf6 Qxf6 20. dxe4 f4
21. Qc3 f3 22. Ng3 Rf8 23. Re3 fxg2 24. Kxg2 Qh4 25. f3 Qh3+ 26. Kg1 h5 27. Rd1
h4 28. Rxd6 hxg3 29. Rd2 Nxf3+ 30. Rxf3 Rxf3 31. Qxf3 gxh2+ 32. Kf2 Qxf3+ 0-1

[Event "SK Münster 4 - SC Falke Saerbeck 1"]
[Site "Verbandsliga 2016/2017"]
[Date "2016.12.17"]
[Round "5.7"]
[White "Bartsch, Rainer"]
[Black "Baumann, Eva"]
[Result "1/2-1/2"]
[WhiteElo "1805"]
[BlackElo "1704"]
[PlyCount "45"]
[EventDate "2016.??.??"]
[SourceDate "2016.09.26"]

1. d4 d5 2. Nf3 Nf6 3. e3 e6 4. Bd3 c5 5. b3 Nbd7 6. Nbd2 b6 7. Bb2 Bb7 8. O-O
Bd6 9. c4 O-O 10. Rc1 Rc8 11. h3 h6 12. Ne5 Ne4 13. Nxd7 Qxd7 14. Qe2 Nxd2 15.
Qxd2 Qe7 16. Rfd1 Rfd8 17. Qe2 Qg5 18. Qg4 Qxg4 19. hxg4 Kf8 20. Re1 cxd4 21.
exd4 Bb4 22. Red1 Bd6 23. Kf1 1/2-1/2

[Event "SK Münster 4 - SC Falke Saerbeck 1"]
[Site "Verbandsliga 2016/2017"]
[Date "2016.12.17"]
[Round "5.8"]
[White "Peters, Helmut"]
[Black "Henschen, Daniel"]
[Result "1-0"]
[WhiteElo "2089"]
[BlackElo "1627"]
[PlyCount "102"]
[EventDate "2016.??.??"]
[SourceDate "2016.09.26"]

1. e4 e6 2. d4 d5 3. Nc3 Nf6 4. e5 Nfd7 5. Nf3 Bb4 6. Bg5 Be7 7. Qd2 a6 8. h4
c5 9. dxc5 Nxc5 10. Bd3 Nc6 11. Bxe7 Qxe7 12. O-O-O Nxd3+ 13. Qxd3 Bd7 14. Qe3
b5 15. h5 Na5 16. h6 g6 17. Qd4 Bc6 18. Qb6 Qd8 19. Qc5 Qe7 20. Qb6 Qd8 21.
Qxd8+ Rxd8 22. Nd4 Ba8 23. b3 Nc6 24. Nxc6 Bxc6 25. Ne2 Ke7 26. Nd4 Rc8 27. b4
Bd7 28. Kb2 Rc4 29. c3 Rhc8 30. Rd3 Rf8 31. f4 a5 32. a3 a4 33. g3 Rc7 34. Re3
Rg8 35. Nf3 Bc6 36. Rd1 Rh8 37. Ng5 Bd7 38. g4 Rc4 39. Rd4 Rcc8 40. Red3 Rc6
41. f5 Rcc8 42. fxe6 Bxe6 43. Rf4 Rcf8 44. Rdf3 Ke8 45. Kc2 Ke7 46. Kd3 Ke8 47.
Nxe6 fxe6 48. Rxf8+ Rxf8 49. Rxf8+ Kxf8 50. Kd4 g5 51. Kc5 Kf7 1-0

[Event "SG Ahaus-Wessum 1 - SF Beelen 1"]
[Site "Verbandsliga 2016/2017"]
[Date "2016.12.17"]
[Round "5.1"]
[White "Hofene, Dieter"]
[Black "Schulze Ameling, Hendrik"]
[Result "1-0"]
[WhiteElo "1986"]
[BlackElo "1994"]
[PlyCount "99"]
[EventDate "2016.??.??"]
[SourceDate "2016.09.26"]

1. e4 e6 2. d4 d5 3. Nc3 Nf6 4. Bg5 dxe4 5. Nxe4 Be7 6. Bxf6 gxf6 7. Nf3 a6 8.
g3 b5 9. Bg2 Bb7 10. Qe2 f5 11. Ned2 Nc6 12. c3 O-O 13. O-O Rb8 14. Qe3 a5 15.
Rfe1 Re8 16. Rad1 a4 17. b4 axb3 18. axb3 Bf6 19. b4 Ne7 20. Nb3 Nd5 21. Qc1
Nb6 22. Nc5 Bd5 23. Qh6 Bg7 24. Qh5 f6 25. Nh4 Na4 26. Nxf5 exf5 27. Bxd5+ Kh8
28. Rxe8+ Qxe8 29. Qxe8+ Rxe8 30. Nxa4 bxa4 31. Ra1 Bh6 32. f4 Re3 33. Rxa4 Bf8
34. Ra3 Kg7 35. Rb3 Rd3 36. Bc4 Rd2 37. b5 h5 38. b6 cxb6 39. Rxb6 Rc2 40. Rb3
Kg6 41. Bd3 Rd2 42. c4 h4 43. g4 Bd6 44. Bxf5+ Kf7 45. Rb7+ Kf8 46. g5 Bxf4 47.
g6 Be3+ 48. Kh1 Bh6 49. d5 Rf2 50. Be6 1-0

[Event "SG Ahaus-Wessum 1 - SF Beelen 1"]
[Site "Verbandsliga 2016/2017"]
[Date "2016.12.17"]
[Round "5.2"]
[White "Rosing, Hermann"]
[Black "Hanewinkel, Winfried"]
[Result "1/2-1/2"]
[WhiteElo "1943"]
[BlackElo "1901"]
[PlyCount "62"]
[EventDate "2016.??.??"]
[SourceDate "2016.09.26"]

1. f4 d5 2. Nf3 Nf6 3. e3 Bg4 4. Be2 Bxf3 5. Bxf3 c6 6. d4 e6 7. O-O Nbd7 8. b3
Bd6 9. Nc3 Qc7 10. g3 O-O-O 11. Ne2 Ne4 12. c4 f5 13. c5 Be7 14. b4 h5 15. a4
Ndf6 16. Bd2 h4 17. Be1 hxg3 18. Bxg3 Nxg3 19. Nxg3 g5 20. Qd2 gxf4 21. exf4
Rh4 22. Qe3 Ne4 23. Bxe4 dxe4 24. Qb3 Rd5 25. b5 Rxf4 26. Rxf4 Qxf4 27. bxc6
bxc6 28. Rb1 Qc7 29. Qc4 Qa5 30. Qb3 Qc7 31. Qc4 Qa5 1/2-1/2

[Event "SG Ahaus-Wessum 1 - SF Beelen 1"]
[Site "Verbandsliga 2016/2017"]
[Date "2016.12.17"]
[Round "5.3"]
[White "Henke, Wolfgang"]
[Black "Bauland, Thomas"]
[Result "1/2-1/2"]
[WhiteElo "1784"]
[BlackElo "1858"]
[PlyCount "37"]
[EventDate "2016.??.??"]
[SourceDate "2016.09.26"]

1. e4 e6 2. d4 d5 3. Nc3 Nf6 4. exd5 Nxd5 5. Ne4 Nc6 6. Nf3 Be7 7. c3 Nf6 8.
Bd3 O-O 9. O-O Nxe4 10. Bxe4 Bf6 11. Bf4 Re8 12. Re1 Ne7 13. Ne5 Ng6 14. Nxg6
hxg6 15. Qf3 c6 16. Qg3 Qa5 17. Bc7 Qg5 18. Qf3 Bd7 19. Bf4 1/2-1/2

[Event "SG Ahaus-Wessum 1 - SF Beelen 1"]
[Site "Verbandsliga 2016/2017"]
[Date "2016.12.17"]
[Round "5.4"]
[White "Diehlmann, Christian"]
[Black "Hofene, Josef"]
[Result "1-0"]
[WhiteElo "1880"]
[BlackElo "1710"]
[PlyCount "85"]
[EventDate "2016.??.??"]
[SourceDate "2016.09.26"]

1. d4 d6 2. c4 g6 3. Nc3 Bg7 4. e4 Nf6 5. f3 Nbd7 6. Be3 e5 7. Bd3 a6 8. Nge2
Qe7 9. O-O O-O 10. Qd2 Re8 11. Rac1 c5 12. dxc5 dxc5 13. Nd5 Nxd5 14. cxd5 b6
15. Bh6 Bb7 16. Bxg7 Kxg7 17. f4 exf4 18. Rxf4 Ne5 19. Rcf1 Rad8 20. Bc2 Rd6
21. Ng3 Qd8 22. h4 Bc8 23. Qc3 Kg8 24. h5 Qg5 25. Bd1 Re7 26. Be2 Rc7 27. Nf5
gxf5 28. Qxe5 Qd8 29. exf5 f6 30. Rg4+ Rg7 31. Rxg7+ Kxg7 32. Qg3+ Kh8 33. h6
Qf8 34. Bf3 Bxf5 35. Re1 Bg6 36. Qf4 Rd8 37. Re6 f5 38. d6 Be8 39. Qe5+ Kg8 40.
Bd5 Bf7 41. Re7 Bxd5 42. Qxd5+ Kh8 43. Qe5+ 1-0

[Event "SG Ahaus-Wessum 1 - SF Beelen 1"]
[Site "Verbandsliga 2016/2017"]
[Date "2016.12.17"]
[Round "5.5"]
[White "Ruhe, Johannes"]
[Black "Winking, Hendirk"]
[Result "0-1"]
[WhiteElo "1902"]
[BlackElo "1934"]
[PlyCount "76"]
[EventDate "2016.??.??"]
[SourceDate "2016.09.26"]

1. e4 d6 2. d4 g6 3. Nf3 Bg7 4. Bd3 Nf6 5. O-O O-O 6. Re1 Nc6 7. c3 e5 8. d5
Ne7 9. Nbd2 h6 10. a4 Ne8 11. Nh4 f5 12. Qe2 f4 13. g4 fxg3 14. hxg3 g5 15. Ng2
Nf6 16. Ne3 Qe8 17. Kg2 g4 18. Ndc4 Qg6 19. Rh1 h5 20. Nd2 Nh7 21. b4 Ng5 22.
Bb2 Rf7 23. c4 Bd7 24. a5 Raf8 25. Raf1 Nf3 26. c5 Bh6 27. Ndc4 Rh7 28. a6 b6
29. c6 Bc8 30. b5 Bg5 31. Rb1 h4 32. Ba3 h3+ 33. Kf1 h2 34. Qa2 Qh6 35. Bb4
Qh3+ 36. Ng2 Nh4 37. gxh4 Qxd3+ 38. Ke1 Qxe4+ 0-1

[Event "SG Ahaus-Wessum 1 - SF Beelen 1"]
[Site "Verbandsliga 2016/2017"]
[Date "2016.12.17"]
[Round "5.6"]
[White "Woltering, Martin"]
[Black "Hanewinkel, Martin"]
[Result "1-0"]
[WhiteElo "1789"]
[BlackElo "1804"]
[PlyCount "49"]
[EventDate "2016.??.??"]
[SourceDate "2016.09.26"]

1. e4 c5 2. Nc3 e6 3. f4 a6 4. Nf3 Qc7 5. g3 Nc6 6. Bg2 b5 7. d3 Bb7 8. O-O Be7
9. Be3 d6 10. f5 b4 11. fxe6 fxe6 12. Ne2 Bf6 13. c3 Qe7 14. cxb4 Nxb4 15. Qb3
a5 16. a3 Nc6 17. Bh3 Rb8 18. Qc2 Bc8 19. Rab1 h5 20. d4 g5 21. e5 dxe5 22.
dxe5 Nxe5 23. Nxe5 Bxe5 24. Qg6+ Kd8 25. Bxg5 1-0

[Event "SG Ahaus-Wessum 1 - SF Beelen 1"]
[Site "Verbandsliga 2016/2017"]
[Date "2016.12.17"]
[Round "5.7"]
[White "Fuisting, Dominik"]
[Black "Wensing, Maximilian"]
[Result "0-1"]
[WhiteElo "1737"]
[BlackElo "1878"]
[PlyCount "86"]
[EventDate "2016.??.??"]
[SourceDate "2016.09.26"]

1. d4 Nf6 2. Bg5 d5 3. e3 g6 4. f4 Bf5 5. Nf3 Bg7 6. Bd3 Nbd7 7. Bxf6 Nxf6 8.
Bxf5 gxf5 9. Ne5 e6 10. Nd2 Ne4 11. Nxe4 fxe4 12. Qg4 Bf6 13. c3 h5 14. Qe2 c6
15. O-O-O Qe7 16. g4 Bxe5 17. fxe5 hxg4 18. Qxg4 Qh4 19. Qxh4 Rxh4 20. Rdf1 Ke7
21. Rf2 Rah8 22. Kd2 Rh3 23. Ke2 R8h6 24. Rg2 Rg6 25. Rf2 Rgg3 26. hxg3 Rxh1
27. Rf1 Rh3 28. g4 Rg3 29. Rf4 Rg2+ 30. Rf2 Rxg4 31. Kd2 a5 32. b3 Rg1 33. c4
b5 34. Re2 dxc4 35. bxc4 Ra1 36. Kc3 Rc1+ 37. Rc2 Rxc2+ 38. Kxc2 f6 39. exf6+
Kxf6 40. a3 Kg5 41. Kc3 Kg4 42. d5 exd5 43. cxb5 cxb5 0-1

[Event "SG Ahaus-Wessum 1 - SF Beelen 1"]
[Site "Verbandsliga 2016/2017"]
[Date "2016.12.17"]
[Round "5.8"]
[White "Terdues, Guido"]
[Black "Grothues, Fabian"]
[Result "1-0"]
[WhiteElo "1720"]
[BlackElo "1576"]
[PlyCount "63"]
[EventDate "2016.??.??"]
[SourceDate "2016.09.26"]

1. f4 g6 2. Nf3 Bg7 3. e3 d5 4. Be2 Nf6 5. O-O Bg4 6. Ne5 Bxe2 7. Qxe2 Nbd7 8.
Nc3 e6 9. b3 O-O 10. Nd1 Nxe5 11. fxe5 Nd7 12. d4 c5 13. c3 cxd4 14. cxd4 Rc8
15. Ba3 Re8 16. Nf2 Qa5 17. Bb2 Rc6 18. Ng4 Rf8 19. a4 f5 20. exf6 Nxf6 21. Ba3
Nxg4 22. Bxf8 Nxe3 23. Qxe3 Bxf8 24. Qf4 Bd6 25. Qf7+ Kh8 26. Qf6+ Kg8 27.
Qxe6+ Kg7 28. Rf7+ Kh6 29. Qh3+ Kg5 30. Qe3+ Kh5 31. Rxh7+ Kg4 32. h3+ 1-0

[Event "Südlohner SV 2 - SV Heiden 1"]
[Site "Verbandsliga 2016/2017"]
[Date "2016.12.17"]
[Round "5.1"]
[White "Wienen, Hermann"]
[Black "Sparwel, Oliver"]
[Result "1/2-1/2"]
[WhiteElo "1965"]
[BlackElo "1906"]
[PlyCount "30"]
[EventDate "2016.??.??"]
[SourceDate "2016.09.26"]

1. e4 d6 2. Nf3 Nf6 3. Nc3 g6 4. Bc4 Bg7 5. O-O O-O 6. d4 Nxe4 7. Nxe4 d5 8.
Bd3 dxe4 9. Bxe4 Nd7 10. c3 c5 11. Bg5 cxd4 12. Nxd4 Qb6 13. Nb3 Nf6 14. Bf3
Be6 15. Re1 Rad8 1/2-1/2

[Event "Südlohner SV 2 - SV Heiden 1"]
[Site "Verbandsliga 2016/2017"]
[Date "2016.12.17"]
[Round "5.2"]
[White "Richters, Alfred"]
[Black "Berger, Alfred"]
[Result "0-1"]
[WhiteElo "1885"]
[BlackElo "1946"]
[PlyCount "124"]
[EventDate "2016.??.??"]
[SourceDate "2016.09.26"]

1. d4 Nf6 2. Nc3 d5 3. Bg5 h6 4. Bh4 e6 5. Nf3 Bb4 6. a3 Bxc3+ 7. bxc3 c5 8. e3
Qa5 9. Bxf6 Qxc3+ 10. Nd2 gxf6 11. dxc5 Nc6 12. Bb5 Rg8 13. O-O e5 14. Kh1 Qxc5
15. c4 Be6 16. Nb3 Qd6 17. e4 d4 18. Na5 Qc7 19. Qa4 Bd7 20. Bxc6 Bxc6 21. Nxc6
Qxc6 22. Qxc6+ bxc6 23. Rab1 O-O-O 24. f4 Rd7 25. fxe5 fxe5 26. h3 Rg3 27. Rf6
Rg6 28. Rf3 d3 29. Rd1 d2 30. c5 Rg8 31. Kg1 Kb7 32. Kf1 Ka6 33. Rf6 Kb5 34.
Rd6 Rgd8 35. R1xd2 Rxd6 36. cxd6 Rd7 37. Ke2 Kc5 38. Ke3 Rxd6 39. Rc2+ Kb5 40.
Rc3 c5 41. g4 c4 42. h4 Rg6 43. Kf3 Rf6+ 44. Kg3 Rf4 45. g5 h5 46. Rc1 Kc5 47.
Rd1 Rxe4 48. Rd7 Rf4 49. Rxa7 c3 50. Rc7+ Kd4 51. a4 Kd3 52. a5 c2 53. a6 Ra4
54. a7 Rxa7 55. Rxa7 c1=Q 56. Rxf7 Qg1+ 57. Kh3 Qg4+ 58. Kh2 Qxh4+ 59. Kg2
Qxg5+ 60. Kh1 e4 61. Rd7+ Ke2 62. Ra7 Qh4+ 0-1

[Event "Südlohner SV 2 - SV Heiden 1"]
[Site "Verbandsliga 2016/2017"]
[Date "2016.12.17"]
[Round "5.3"]
[White "Ehrlich, Hans-Georg"]
[Black "Schmeing, Manfred"]
[Result "1/2-1/2"]
[WhiteElo "1818"]
[BlackElo "1765"]
[PlyCount "62"]
[EventDate "2016.??.??"]
[SourceDate "2016.09.26"]

1. b4 e5 2. Bb2 Bxb4 3. Bxe5 Nf6 4. a3 Ba5 5. c4 O-O 6. Bb2 d5 7. e3 c6 8. Be2
Re8 9. Nf3 Bg4 10. cxd5 Nxd5 11. O-O Nd7 12. d4 N7f6 13. Qc2 Ne4 14. Ne5 Bxe2
15. Qxe2 Rc8 16. Qd3 Nef6 17. Nd2 Bc7 18. Ndf3 h6 19. Rfe1 Nd7 20. Rad1 Nxe5
21. dxe5 Qe7 22. Qc2 Bb8 23. Rd2 Qe6 24. h3 Ne7 25. Red1 Ng6 26. Rd7 b6 27.
R1d2 Nxe5 28. Nxe5 Bxe5 29. Bxe5 Qxe5 30. Rxa7 Ra8 31. Rxa8 Rxa8 1/2-1/2

[Event "Südlohner SV 2 - SV Heiden 1"]
[Site "Verbandsliga 2016/2017"]
[Date "2016.12.17"]
[Round "5.4"]
[White "Musholt, Joachim"]
[Black "Vestrick, Frank"]
[Result "1-0"]
[WhiteElo "1677"]
[BlackElo "1692"]
[PlyCount "77"]
[EventDate "2016.??.??"]
[SourceDate "2016.09.26"]

1. d4 Nf6 2. Nf3 g6 3. c4 Bg7 4. Nc3 O-O 5. e3 d6 6. Be2 Nc6 7. d5 Ne5 8. Nd4
c5 9. Nc2 Ne8 10. f4 Nd7 11. e4 e5 12. f5 gxf5 13. exf5 h6 14. Qd3 Nb6 15. Ne3
Qh4+ 16. g3 Qd4 17. Qc2 a6 18. O-O e4 19. Nxe4 Bd7 20. Rf4 Ba4 21. Qd3 Qxd3 22.
Bxd3 f6 23. Bd2 Nd7 24. Bc3 Ne5 25. Be2 Bd7 26. Bh5 b5 27. b3 Nf7 28. h4 b4 29.
Bd2 Rd8 30. Kh2 Bc8 31. Ng4 Ne5 32. Rff1 Nd3 33. Nxh6+ Bxh6 34. Bxh6 Rf7 35.
Bxf7+ Kxf7 36. g4 Ne5 37. Kg3 Nc7 38. Nxf6 Kxf6 39. Bg5+ 1-0